La tradición manuscrita en la "Crónica de Alfonso XI"

Uloženo v:
Podrobná bibliografie
Hlavní autor: Catalán, Diego
Médium: Kniha
Jazyk:Undetermined
Vydáno: Madrid, España Editorial Gredos 1974
Témata:
Tagy: Přidat tag
Žádné tagy, Buďte první, kdo vytvoří štítek k tomuto záznamu!

MARC

LEADER 00000nam a2200000Ia 4500
008 170316s9999 xx 000 0 und d
040 |a cru BVZT 
090 |a 862 C-31t 
100 |a Catalán, Diego 
245 |a La tradición manuscrita en la "Crónica de Alfonso XI" 
260 |a Madrid, España 
260 |b Editorial Gredos 
260 |c 1974 
300 |a 415 páginas 
650 |a LITERATURA ESPAÑOLA 
999 |c 9655  |d 9655 
942 |c 15 D  |h 862 C-31t  |2 z